[Event "Mendeleev Memorial 5th"]
[Site "Tiumen"]
[Date "2014.11.08"]
[Round "8"]
[White "Postnikov, Daniil"]
[Black "Musakaev, Emil"]
[Result "1/2-1/2"]
[WhiteElo "2307"]
[BlackElo "2346"]
[PlyCount "152"]
[EventDate "2014.11.01"]
[EventType "tourn"]
[EventRounds "9"]
[EventCountry "RUS"]
[EventCategory "4"]
[SourceTitle "EXT 2015"]
[Source "ChessBase"]
[SourceDate "2014.11.20"]
[SourceVersion "1"]
[SourceVersionDate "2014.11.20"]
[SourceQuality "1"]

1. e4 c5 2. Nf3 d6 3. d4 cxd4 4. Nxd4 Nf6 5. Nc3 a6 6. Be2 e5 7. Nb3 Be7 8. 0-0 0-0 9. Kh1 Nc6 10. f4 b5 11. Be3 Bb7 12. a3 exf4 13. Bxf4 Ne5 14. Qd4 Qc7 15. a4 Nc6 16. Qd2 b4 17. Nd5 Nxd5 18. exd5 Ne5 19. Rad1 Bf6 20. Bg3 Rfc8 21. Nd4 Qd8 22. Qxb4 Bxd5 23. Nf5 Rc5 24. b3 Rxc2 25. Rxd5 Rxe2 26. Rxd6 Qf8 27. Nh6+ gxh6 28. Rfxf6 Rc8 29. h3 Rc1+ 30. Kh2 Rcc2 31. Bxe5 Rxg2+ 32. Kh1 Qa8 33. Qb7 Rc1+ 34. Kxg2 Qxb7+ 35. Rf3 Rc8 36. Rd4 h5 37. Kf2 Rc2+ 38. Kg3 Qe7 39. Bf6 Qe1+ 40. Kf4 Qc1+ 41. Kg3 h4+ 42. Kxh4 h5 43. Rd8+ Kh7 44. Rh8+ Kg6 45. Rg8+ Kh7 46. Rg7+ Kh6 47. Bg5+ Kxg7 48. Bxc1 Rxc1 49. Kxh5 a5 50. Kg5 Rd1 51. h4 f6+ 52. Kf5 Kf7 53. Rh3 Rd5+ 54. Ke4 Re5+ 55. Kf4 Kg6 56. Re3 Rd5 57. Re4 Rd3 58. b4 axb4 59. Rxb4 Ra3 60. Ke4 Ra2 61. Kd5 Kf5 62. Kc6 Ke5 63. h5 f5 64. Rh4 f4 65. h6 Rxa4 66. h7 Ra8 67. h8Q+ Rxh8 68. Rxh8 f3 69. Kc5 Ke4 70. Kc4 f2 71. Rf8 Ke3 72. Kc3 Ke2 73. Re8+ Kf3 74. Kd2 f1Q 75. Rf8+ Kg2 76. Rxf1 Kxf1 1/2-1/2

[Event "Mendeleev Memorial 5th"]
[Site "Tiumen"]
[Date "2014.11.07"]
[Round "7"]
[White "Musakaev, Emil"]
[Black "Makhnyov, Denis"]
[Result "1-0"]
[WhiteElo "2346"]
[BlackElo "2364"]
[PlyCount "73"]
[EventDate "2014.11.01"]
[EventType "tourn"]
[EventRounds "9"]
[EventCountry "RUS"]
[EventCategory "4"]
[SourceTitle "EXT 2015"]
[Source "ChessBase"]
[SourceDate "2014.11.20"]
[SourceVersion "1"]
[SourceVersionDate "2014.11.20"]
[SourceQuality "1"]

1. e4 Nf6 2. e5 Nd5 3. d4 d6 4. Nf3 Bg4 5. Be2 e6 6. 0-0 Be7 7. c4 Nb6 8. exd6 cxd6 9. Nc3 0-0 10. h3 Bh5 11. Be3 N8d7 12. b3 Nf6 13. Rc1 Nbd7 14. g4 Bg6 15. Nh4 d5 16. Nxg6 hxg6 17. Bf3 Qa5 18. g5 Ne4 19. Bxe4 dxe4 20. Nxe4 Rfd8 21. Rc2 b5 22. c5 Nb8 23. h4 Nc6 24. h5 Rd5 25. hxg6 fxg6 26. Qg4 Nd8 27. f4 Rc8 28. Rh2 Kf7 29. Qh3 Nc6 30. Qh7 Qb4 31. Rh6 Nxd4 32. Qxg6+ Kg8 33. Rh7 Nf5 34. Qh5 Nh6 35. Rxh6 gxh6 36. Qg6+ Kf8 37. gxh6 1-0

[Event "Mendeleev Memorial 5th"]
[Site "Tiumen"]
[Date "2014.11.03"]
[Round "3"]
[White "Musakaev, Emil"]
[Black "Khanin, Semen"]
[Result "1/2-1/2"]
[WhiteElo "2346"]
[BlackElo "2320"]
[PlyCount "81"]
[EventDate "2014.11.01"]
[EventType "tourn"]
[EventRounds "9"]
[EventCountry "RUS"]
[EventCategory "4"]
[SourceTitle "EXT 2015"]
[Source "ChessBase"]
[SourceDate "2014.11.20"]
[SourceVersion "1"]
[SourceVersionDate "2014.11.20"]
[SourceQuality "1"]

1. e4 e5 2. Nf3 Nc6 3. Nc3 Nf6 4. d4 exd4 5. Nxd4 Bb4 6. Nxc6 bxc6 7. Bd3 d5 8. exd5 cxd5 9. 0-0 0-0 10. h3 c6 11. Qf3 Rb8 12. Bf4 Bd6 13. b3 Rb7 14. Rfe1 Bb4 15. Bd2 Re8 16. Rxe8+ Qxe8 17. a3 Bd6 18. Bf4 Bxf4 19. Qxf4 Re7 20. Na4 Re5 21. Qd4 Qe7 22. Nc5 g6 23. b4 Nh5 24. Rf1 Rg5 25. Kh2 Re5 26. Nb3 Qc7 27. f4 Re8 28. Nc5 Ng7 29. Kg1 h5 30. c4 dxc4 31. Bxc4 Qe7 32. Nd3 Nf5 33. Qc5 Qxc5+ 34. Nxc5 Nd6 35. Bd3 Bf5 36. Bxf5 Nxf5 37. Kf2 h4 38. Rd1 Re3 39. Rd3 Rxd3 40. Nxd3 f6 41. Kf3 1/2-1/2

[Event "Urals-ch 72nd"]
[Site "Tiumen"]
[Date "2014.03.27"]
[Round "8"]
[White "Matsenko, Sergei"]
[Black "Musakaev, Emil"]
[Result "1-0"]
[WhiteElo "2472"]
[BlackElo "2327"]
[PlyCount "39"]
[EventDate "2014.03.20"]
[EventType "swiss"]
[EventRounds "9"]
[EventCountry "RUS"]
[SourceTitle "CBM 159 Extra"]
[Source "ChessBase"]
[SourceDate "2014.04.24"]
[SourceVersion "1"]
[SourceVersionDate "2014.04.24"]
[SourceQuality "1"]

1. Nf3 Nf6 2. c4 e6 3. Nc3 d5 4. d4 Bb4 5. Bg5 h6 6. Bxf6 Qxf6 7. e3 c5 8. Rc1 dxc4 9. Bxc4 Nd7 10. 0-0 cxd4 11. Ne4 Qe7 12. a3 Ba5 13. Qxd4 0-0 14. b4 Bb6 15. Qd6 Qxd6 16. Nxd6 Rd8 17. Rfd1 Nf6 18. Ne5 Rxd6 19. Rxd6 Bc7 20. Rdd1 1-0

[Event "Urals-ch 72nd"]
[Site "Tiumen"]
[Date "2014.03.26"]
[Round "7"]
[White "Musakaev, Emil"]
[Black "Kryakvin, Dmitry"]
[Result "1-0"]
[WhiteElo "2327"]
[BlackElo "2601"]
[PlyCount "69"]
[EventDate "2014.03.20"]
[EventType "swiss"]
[EventRounds "9"]
[EventCountry "RUS"]
[SourceTitle "CBM 159 Extra"]
[Source "ChessBase"]
[SourceDate "2014.04.24"]
[SourceVersion "1"]
[SourceVersionDate "2014.04.24"]
[SourceQuality "1"]

1. e4 c6 2. d4 d5 3. f3 e6 4. Be3 Qb6 5. Bd3 Nf6 6. Nd2 c5 7. dxc5 Bxc5 8. Bxc5 Qxc5 9. Qe2 dxe4 10. Nxe4 Nxe4 11. Qxe4 Qa5+ 12. c3 Nd7 13. b4 Qc7 14. Ne2 Nf6 15. Qc4 Qb6 16. Qd4 Bd7 17. Qxb6 axb6 18. c4 0-0 19. Nc3 Rfd8 20. 0-0-0 Kf8 21. Kb2 Rdc8 22. Rhe1 Rc7 23. Bf1 Ne8 24. Rd2 Rac8 25. Red1 Ke7 26. b5 Ra8 27. Kb3 Nf6 28. Na4 Be8 29. Nxb6 Rb8 30. Kb4 Nd7 31. Nxd7 Rxd7 32. c5 Rxd2 33. Rxd2 e5 34. Bc4 f6 35. a4 1-0

[Event "Khanty-Mansiysk Governor Cup-B 9th"]
[Site "Khanty-Mansiysk"]
[Date "2013.12.06"]
[Round "9"]
[White "Purtov, Konstantin"]
[Black "Musakaev, Emil"]
[Result "1/2-1/2"]
[WhiteElo "2191"]
[BlackElo "2327"]
[PlyCount "53"]
[EventDate "2013.11.28"]
[EventType "swiss"]
[EventRounds "9"]
[EventCountry "RUS"]
[SourceTitle "CBM 157 Extra"]
[Source "ChessBase"]
[SourceDate "2013.12.19"]
[SourceVersion "1"]
[SourceVersionDate "2013.12.19"]
[SourceQuality "1"]

1. e4 c5 2. Nf3 d6 3. d4 cxd4 4. Nxd4 Nf6 5. Nc3 a6 6. Bg5 Nbd7 7. Qf3 Qa5 8. Bd2 Qb6 9. Nb3 g6 10. Qe2 Bg7 11. g4 a5 12. Be3 Qd8 13. a4 Nc5 14. Nxc5 dxc5 15. f4 0-0 16. h3 b6 17. e5 Ba6 18. Qf3 Ne8 19. Bxa6 Rxa6 20. Rd1 Qb8 21. 0-0 e6 22. Rd7 Ra7 23. Rfd1 Rxd7 24. Rxd7 Nc7 25. g5 Rd8 26. Qc6 Rc8 27. Qd6 1/2-1/2

[Event "Khanty-Mansiysk Governor Cup-B 9th"]
[Site "Khanty-Mansiysk"]
[Date "2013.11.29"]
[Round "2"]
[White "Musakaev, Emil"]
[Black "Zemerov, Eugenij"]
[Result "1-0"]
[WhiteElo "2327"]
[BlackElo "2027"]
[PlyCount "61"]
[EventDate "2013.11.28"]
[EventType "swiss"]
[EventRounds "9"]
[EventCountry "RUS"]
[SourceTitle "CBM 157 Extra"]
[Source "ChessBase"]
[SourceDate "2013.12.19"]
[SourceVersion "1"]
[SourceVersionDate "2013.12.19"]
[SourceQuality "1"]

1. e4 c5 2. Nf3 d6 3. d4 cxd4 4. Nxd4 Nf6 5. Nc3 a6 6. g3 e5 7. Nde2 Be7 8. Bg2 Nbd7 9. 0-0 b5 10. h3 Bb7 11. g4 Nc5 12. Ng3 b4 13. Nd5 Nxd5 14. exd5 g6 15. a3 a5 16. Bh6 Bg5 17. Bxg5 Qxg5 18. axb4 axb4 19. Rxa8+ Bxa8 20. f4 exf4 21. Re1+ Kd7 22. Qd4 Re8 23. Ne4 Rxe4 24. Rxe4 f3 25. Bxf3 Bxd5 26. Rf4 Bxf3 27. Rxf3 Qc1+ 28. Kg2 Qxc2+ 29. Rf2 Qe4+ 30. Qxe4 Nxe4 31. Rxf7+ 1-0

[Event "Mendeleev Memorial 4th"]
[Site "Tiumen"]
[Date "2013.11.10"]
[Round "7"]
[White "Musakaev, Emil"]
[Black "Popov, Mikhail"]
[Result "1-0"]
[WhiteElo "2327"]
[BlackElo "2237"]
[PlyCount "93"]
[EventDate "2013.11.03"]
[EventType "tourn"]
[EventRounds "9"]
[EventCountry "RUS"]
[SourceTitle "EXT 2015"]
[Source "ChessBase"]
[SourceDate "2014.11.20"]
[SourceVersion "1"]
[SourceVersionDate "2014.11.20"]
[SourceQuality "1"]

1. e4 c5 2. Nf3 e6 3. d4 cxd4 4. Nxd4 a6 5. Nc3 b5 6. Be2 Bb7 7. Bf3 Ne7 8. 0-0 Ng6 9. e5 Qc7 10. Bxb7 Qxb7 11. f4 Nc6 12. Be3 Nh4 13. Nf3 Nf5 14. Bf2 h5 15. a4 b4 16. Ne4 Be7 17. Qd3 0-0 18. Nc5 Bxc5 19. Bxc5 Rfd8 20. Ng5 g6 21. Ne4 Nce7 22. g3 Rac8 23. Rf2 Nd5 24. c4 bxc3 25. bxc3 Kg7 26. Re1 Rc6 27. c4 Nb4 28. Qf3 a5 29. Nd6 Nxd6 30. exd6 Kg8 31. Bd4 Rb8 32. Ba1 f6 33. Qe4 Kg7 34. f5 Rxd6 35. Bxf6+ Kg8 36. Qf4 e5 37. Qg5 Rxf6 38. Qxf6 Qb6 39. fxg6 Qxf6 40. Rxf6 Re8 41. Rd6 e4 42. Rxd7 e3 43. Re2 Re4 44. Kg2 Re6 45. c5 Rxg6 46. Rxe3 Kf8 47. Re5 1-0

[Event "Moscow op-A"]
[Site "Moscow"]
[Date "2013.02.02"]
[Round "1"]
[White "Amonatov, Farrukh"]
[Black "Musakaev, Emil"]
[Result "1-0"]
[WhiteElo "2625"]
[BlackElo "2365"]
[PlyCount "53"]
[EventDate "2013.02.02"]
[EventType "swiss"]
[EventRounds "9"]
[EventCountry "RUS"]
[SourceTitle "CBM 152 Extra"]
[Source "ChessBase"]
[SourceDate "2013.02.25"]
[SourceVersion "1"]
[SourceVersionDate "2013.02.25"]
[SourceQuality "1"]

1. e4 e5 2. Nf3 Nc6 3. Bb5 a6 4. Ba4 Nf6 5. 0-0 b5 6. Bb3 Bc5 7. d3 d6 8. a4 Rb8 9. axb5 axb5 10. c3 0-0 11. h3 h6 12. Nbd2 Bb6 13. Re1 Nh5 14. Nf1 Qf6 15. Be3 Nf4 16. Ng3 g6 17. d4 h5 18. Nf1 Re8 19. Bxf4 Qxf4 20. Qd3 exd4 21. cxd4 Bd7 22. Rad1 Na5 23. Bd5 Nc4 24. Re2 c5 25. b3 Na5 26. e5 Bf5 27. Qxb5 1-0

[Event "Pavlodar op"]
[Site "Pavlodar"]
[Date "2012.12.06"]
[Round "8"]
[White "Musakaev, Emil"]
[Black "Jumabayev, Rinat"]
[Result "0-1"]
[WhiteElo "2349"]
[BlackElo "2545"]
[PlyCount "55"]
[EventDate "2012.11.30"]
[EventType "swiss"]
[EventRounds "10"]
[EventCountry "KAZ"]
[SourceTitle "EXT 2014"]
[Source "ChessBase"]
[SourceDate "2013.11.20"]
[SourceVersion "1"]
[SourceVersionDate "2013.11.20"]
[SourceQuality "1"]

1. e4 e5 2. Nf3 Nc6 3. Bb5 a6 4. Ba4 Nf6 5. 0-0 Nxe4 6. d4 b5 7. Bb3 d5 8. dxe5 Be6 9. Nbd2 Be7 10. c3 0-0 11. Bc2 f5 12. exf6 Nxf6 13. Qe2 Qd6 14. Re1 Bd7 15. Nf1 Rfe8 16. Ng3 Bf8 17. Be3 Bg4 18. Bf5 Bxf5 19. Nxf5 Qd7 20. Qd3 Ne5 21. Nxe5 Rxe5 22. Ng3 Rae8 23. Bd2 Ng4 24. h3 Nxf2 25. Qd4 Ne4 26. Nxe4 Rxe4 27. Rxe4 Rxe4 28. Qf2 0-1

[Event "Pavlodar op"]
[Site "Pavlodar"]
[Date "2012.12.03"]
[Round "5"]
[White "Belozerov, Andrei"]
[Black "Musakaev, Emil"]
[Result "0-1"]
[WhiteElo "2523"]
[BlackElo "2349"]
[PlyCount "98"]
[EventDate "2012.11.30"]
[EventType "swiss"]
[EventRounds "10"]
[EventCountry "KAZ"]
[SourceTitle "EXT 2014"]
[Source "ChessBase"]
[SourceDate "2013.11.20"]
[SourceVersion "1"]
[SourceVersionDate "2013.11.20"]
[SourceQuality "1"]

1. d4 d5 2. c4 c6 3. Nc3 Nf6 4. cxd5 cxd5 5. Bf4 Nc6 6. e3 e6 7. Bd3 Be7 8. h3 Bd7 9. Nf3 0-0 10. 0-0 Rc8 11. a3 Na5 12. Ne5 a6 13. Rc1 b5 14. Qe2 Nc4 15. Rfd1 Bc6 16. a4 b4 17. Nxd5 exd5 18. b3 Na5 19. Bxa6 Bb7 20. Bxb7 Nxb7 21. Nc6 Qd7 22. Qb5 Bd6 23. Bg5 Rc7 24. Bxf6 gxf6 25. Na7 Na5 26. Qxa5 Rxa7 27. Qb6 Rb8 28. Qc6 Qe6 29. Qc2 Kh8 30. Qe2 Rg8 31. Qf3 f5 32. Kf1 Qe4 33. Qxe4 fxe4 34. Rc6 Rd8 35. Rdc1 Kg7 36. Rb6 Kf6 37. Rcc6 Ke7 38. g4 Rdd7 39. f4 exf3 40. Kf2 Rac7 41. Kxf3 Rxc6 42. Rxc6 Rc7 43. Rxc7+ Bxc7 44. e4 Ke6 45. g5 Bd8 46. h4 f6 47. gxf6 Bxf6 48. exd5+ Kxd5 49. Ke3 Bxh4 0-1

[Event "Pavlodar op"]
[Site "Pavlodar"]
[Date "2012.12.02"]
[Round "4"]
[White "Musakaev, Emil"]
[Black "Karibayev, Bulat"]
[Result "1-0"]
[WhiteElo "2349"]
[BlackElo "2080"]
[PlyCount "79"]
[EventDate "2012.11.30"]
[EventType "swiss"]
[EventRounds "10"]
[EventCountry "KAZ"]
[SourceTitle "EXT 2014"]
[Source "ChessBase"]
[SourceDate "2013.11.20"]
[SourceVersion "1"]
[SourceVersionDate "2013.11.20"]
[SourceQuality "1"]

1. e4 c5 2. Nf3 Nc6 3. Bb5 e6 4. Bxc6 bxc6 5. d3 d5 6. 0-0 h6 7. c4 Nf6 8. Nc3 d4 9. Na4 Be7 10. e5 Nd7 11. Qe2 0-0 12. b3 Qc7 13. Ba3 f6 14. exf6 Rxf6 15. Nxd4 e5 16. Nf3 Bd6 17. Nc3 Rf5 18. Ne4 Nf8 19. Qe3 Ne6 20. Bxc5 Bxc5 21. Nxc5 Nxc5 22. Rae1 Nd7 23. h3 Qd6 24. d4 exd4 25. Nxd4 Rf8 26. Rd1 Qf6 27. f4 Nc5 28. b4 Na6 29. a3 Bf5 30. Nf3 Nc7 31. Ne5 a5 32. Qb6 axb4 33. Qxc7 bxa3 34. Rd6 Qh4 35. Ng6 Qg3 36. Nxf8 Be4 37. Rd2 Qe3+ 38. Rdf2 a2 39. Ra1 Qd4 40. Qe5 1-0

[Event "Pavlodar op"]
[Site "Pavlodar"]
[Date "2012.12.01"]
[Round "2"]
[White "Musakaev, Emil"]
[Black "Andriasian, Zaven"]
[Result "0-1"]
[WhiteElo "2349"]
[BlackElo "2604"]
[PlyCount "62"]
[EventDate "2012.11.30"]
[EventType "swiss"]
[EventRounds "10"]
[EventCountry "KAZ"]
[SourceTitle "EXT 2014"]
[Source "ChessBase"]
[SourceDate "2013.11.20"]
[SourceVersion "1"]
[SourceVersionDate "2013.11.20"]
[SourceQuality "1"]

1. e4 d6 2. d4 g6 3. Nc3 Bg7 4. Be3 Nf6 5. Nf3 Nbd7 6. h3 c6 7. Qd2 0-0 8. Bd3 b5 9. Ne2 Bb7 10. Ng3 e5 11. dxe5 dxe5 12. a4 a6 13. 0-0 Qe7 14. c4 b4 15. c5 a5 16. Rac1 Rfd8 17. Bc4 Ba6 18. Bxa6 Rxa6 19. Rfd1 Bf8 20. Qc2 Qe6 21. Ng5 Qe8 22. Qc4 Raa8 23. Nf1 h6 24. Nf3 b3 25. N1d2 Rdb8 26. Qd3 Rb4 27. Rc4 Rab8 28. Rdc1 Qe6 29. R1c3 Kh7 30. Nh2 Be7 31. f3 Nh5 0-1

[Event "Mendeleev Memorial 3rd"]
[Site "Tiumen"]
[Date "2012.11.09"]
[Round "5"]
[White "Musakaev, Emil"]
[Black "Artemiev, Vladislav"]
[Result "1-0"]
[WhiteElo "2349"]
[BlackElo "2461"]
[PlyCount "127"]
[EventDate "2012.11.05"]
[EventType "tourn"]
[EventRounds "9"]
[EventCountry "RUS"]
[EventCategory "8"]
[SourceTitle "EXT 2013"]
[Source "ChessBase"]
[SourceDate "2012.11.22"]
[SourceVersion "1"]
[SourceVersionDate "2012.11.22"]
[SourceQuality "1"]

1. e4 c5 2. Nf3 d6 3. d4 cxd4 4. Nxd4 Nf6 5. Nc3 Nc6 6. Be2 g6 7. Be3 Bg7 8. Qd2 0-0 9. 0-0-0 Nxd4 10. Bxd4 Be6 11. Kb1 a6 12. f3 b5 13. g4 Rc8 14. g5 Nh5 15. Bxg7 Nxg7 16. f4 Qb6 17. h4 Rc7 18. h5 Rfc8 19. hxg6 fxg6 20. Bd3 Rxc3 21. bxc3 Qa5 22. c4 Qa3 23. c3 Nh5 24. Rh4 Ng3 25. Qb2 Qa4 26. Qb3 Qa5 27. Qb4 Qb6 28. cxb5 Qf2 29. Qb2 Qf3 30. Qc2 axb5 31. f5 gxf5 32. exf5 Bxf5 33. Bxf5 Nxf5 34. Rhh1 Rxc3 35. Qh2 h6 36. Qh5 Qe4+ 37. Ka1 Ng7 38. Qxh6 Qe5 39. Qh7+ Kf7 40. Kb1 Qf5+ 41. Qxf5+ Nxf5 42. Rd5 e5 43. Rxb5 Kg6 44. Kb2 Rc4 45. Rg1 Rf4 46. Rd5 e4 47. a4 e3 48. a5 e2 49. Re1 Ng3 50. Rxd6+ Kxg5 51. Rc6 Rf1 52. Rcc1 Rf5 53. Ra1 Kg4 54. a6 Rf8 55. a7 Ra8 56. Ra3 Kf4 57. Kc2 Nf5 58. Kd2 Nd4 59. Ra4 Ke5 60. Rb1 Nc6 61. Rb7 Kd6 62. Kxe2 Kc5 63. Ra6 Kd5 64. Kd1 1-0

[Event "Mendeleev Memorial 3rd"]
[Site "Tiumen"]
[Date "2012.11.08"]
[Round "4"]
[White "Kopylov, Alexander A"]
[Black "Musakaev, Emil"]
[Result "1-0"]
[WhiteElo "2425"]
[BlackElo "2349"]
[PlyCount "119"]
[EventDate "2012.11.05"]
[EventType "tourn"]
[EventRounds "9"]
[EventCountry "RUS"]
[EventCategory "8"]
[SourceTitle "EXT 2013"]
[Source "ChessBase"]
[SourceDate "2012.11.22"]
[SourceVersion "1"]
[SourceVersionDate "2012.11.22"]
[SourceQuality "1"]

1. e4 c5 2. Nf3 d6 3. d4 cxd4 4. Nxd4 Nf6 5. Nc3 a6 6. Be2 e5 7. Nb3 Be7 8. 0-0 0-0 9. Kh1 Nc6 10. f4 exf4 11. Bxf4 Ne5 12. Qe1 Be6 13. Rd1 Qc7 14. Nd4 Rac8 15. Qg3 Rfe8 16. Bg5 Kh8 17. Nf5 Bxf5 18. Rxf5 Ng8 19. Be3 Bf8 20. Rf2 Ne7 21. Bd3 g6 22. Qh4 Kg8 23. Rdf1 Bg7 24. h3 Qd7 25. Bg5 Rc7 26. Be2 Rf8 27. Bf6 Qe6 28. a3 h6 29. Bxg7 Kxg7 30. Rf6 Qd7 31. Rd1 Rc6 32. Rff1 f5 33. Qg3 Qe6 34. Bd3 Rcc8 35. exf5 Nxf5 36. Bxf5 Rxf5 37. Rxf5 Qxf5 38. Rxd6 h5 39. Rb6 Rc7 40. Rxg6+ Nxg6 41. Qxc7+ Kh6 42. Qxb7 Qxc2 43. Kh2 h4 44. Ne4 Qe2 45. Qb4 Qf1 46. Qd2+ Kg7 47. Qd4+ Kh6 48. Nf2 Qb5 49. Ng4+ Kh7 50. Qd7+ Qxd7 51. Nf6+ Kg7 52. Nxd7 Ne7 53. b4 Nc6 54. Nc5 Nb8 55. g3 hxg3+ 56. Kxg3 Kg6 57. Kf4 Kh5 58. Ke5 Nc6+ 59. Kd6 Nd4 60. a4 1-0

[Event "Mendeleev Memorial 3rd"]
[Site "Tiumen"]
[Date "2012.11.07"]
[Round "3"]
[White "Musakaev, Emil"]
[Black "Belyakov, Bogdan"]
[Result "0-1"]
[WhiteElo "2349"]
[BlackElo "2388"]
[PlyCount "86"]
[EventDate "2012.11.05"]
[EventType "tourn"]
[EventRounds "9"]
[EventCountry "RUS"]
[EventCategory "8"]
[SourceTitle "EXT 2013"]
[Source "ChessBase"]
[SourceDate "2012.11.22"]
[SourceVersion "1"]
[SourceVersionDate "2012.11.22"]
[SourceQuality "1"]

1. e4 e5 2. Nf3 Nc6 3. Bb5 Nf6 4. 0-0 Nxe4 5. d4 Nd6 6. Bxc6 dxc6 7. dxe5 Nf5 8. Qxd8+ Kxd8 9. h3 h6 10. Nc3 Ke8 11. b3 b6 12. Bb2 Be7 13. Ne4 c5 14. c4 Bb7 15. Rfe1 Rd8 16. g4 Nd4 17. Nxd4 cxd4 18. Rad1 Bxe4 19. Rxe4 c5 20. f4 Kd7 21. Bc1 Kc6 22. Kg2 a6 23. e6 f6 24. f5 b5 25. Bf4 h5 26. Rd3 Rdg8 27. Bg3 g6 28. Rf3 hxg4 29. hxg4 Rg7 30. Kf2 Rhg8 31. cxb5+ axb5 32. b4 Kd5 33. Re1 c4 34. g5 c3 35. fxg6 Rxg6 36. gxf6 Rxf6 37. Re5+ Kc4 38. Rxf6 Bxf6 39. Rc5+ Kd3 40. Bf4 Be7 41. Rc7 Bxb4 42. e7 Re8 43. Bg5 c2 0-1

[Event "Mendeleev Memorial 3rd"]
[Site "Tiumen"]
[Date "2012.11.06"]
[Round "2"]
[White "Tarlev, Konstantin"]
[Black "Musakaev, Emil"]
[Result "1-0"]
[WhiteElo "2544"]
[BlackElo "2349"]
[PlyCount "43"]
[EventDate "2012.11.05"]
[EventType "tourn"]
[EventRounds "9"]
[EventCountry "RUS"]
[EventCategory "8"]
[SourceTitle "EXT 2013"]
[Source "ChessBase"]
[SourceDate "2012.11.22"]
[SourceVersion "1"]
[SourceVersionDate "2012.11.22"]
[SourceQuality "1"]

1. e4 c5 2. Nf3 d6 3. d4 cxd4 4. Nxd4 Nf6 5. Nc3 a6 6. a4 e5 7. Nf3 Nbd7 8. Bc4 Qc7 9. Qe2 Nb6 10. Bb3 Be6 11. Bxe6 fxe6 12. Ng5 Qc8 13. a5 Nc4 14. Ra4 b5 15. axb6 Nxb6 16. Rb4 Rb8 17. Be3 Nbd7 18. Rc4 Qb7 19. Nxe6 Qxb2 20. 0-0 Kf7 21. Ng5+ Kg6 22. Qf3 1-0

[Event "Kharkov Femida"]
[Site "Kharkov"]
[Date "2011.11.22"]
[Round "3"]
[White "Biriukov, Nikolai"]
[Black "Musakaev, Emil"]
[Result "1/2-1/2"]
[WhiteElo "2418"]
[BlackElo "2363"]
[PlyCount "158"]
[EventDate "2011.11.20"]
[EventType "tourn"]
[EventRounds "9"]
[EventCountry "UKR"]
[EventCategory "9"]
[SourceTitle "CBM 145 Extra"]
[Source "ChessBase"]
[SourceDate "2012.01.03"]
[SourceVersion "1"]
[SourceVersionDate "2012.01.03"]
[SourceQuality "1"]

1. c4 e5 2. Nc3 Nf6 3. Nf3 Nc6 4. e4 Bb4 5. d3 d6 6. g3 Bg4 7. h3 Bxf3 8. Qxf3 a6 9. a3 Bc5 10. b4 Ba7 11. Bg2 Nd4 12. Qd1 c6 13. 0-0 0-0 14. Kh2 Nd7 15. f4 exf4 16. Bxf4 Qe7 17. Ra2 Ne5 18. Be3 b5 19. cxb5 Nxb5 20. Nxb5 axb5 21. d4 Nc4 22. Bc1 Bb6 23. Qd3 Qa7 24. Rd1 Qa4 25. Rf1 Rad8 26. Rf5 Qa7 27. d5 c5 28. Qb3 cxb4 29. axb4 Qc7 30. Rf1 Ra8 31. Bf4 Bd4 32. Rd1 Qb6 33. Bf1 Rac8 34. Rc2 Ne5 35. Kg2 Ng6 36. Bc1 h5 37. Bxb5 h4 38. Bc6 hxg3 39. Qxg3 Qxb4 40. Ba3 Qb6 41. Bxd6 Rfe8 42. Re2 Be5 43. Bxe5 Rxe5 44. Bd7 Ra8 45. Bf5 Qf6 46. Kh1 Ne7 47. Bg4 Qd6 48. Rf2 Ra4 49. Bf3 Ra3 50. Qg4 g6 51. Bg2 f5 52. Qf4 Ra4 53. Rb1 Nxd5 54. Qh6 Ne7 55. Rd2 Qc7 56. Rbd1 Ra8 57. exf5 Rf8 58. fxg6 Nf5 59. Bd5+ Rxd5 60. Qh7+ Qxh7 61. gxh7+ Kxh7 62. Rxd5 Kg6 63. Rg1+ Kh6 64. Rd3 Re8 65. Rf3 Re5 66. Rf4 Kh5 67. Rfg4 Nh6 68. Rg7 Rd5 69. Rh7 Rd3 70. Kg2 Kg6 71. Ra7 Nf5 72. Rb1 Nh4+ 73. Kh2 Nf3+ 74. Kh1 Rd2 75. Rb6+ Kg5 76. Rg7+ Kh5 77. Rh7+ Kg5 78. Rg7+ Kh5 79. Rh7+ Kg5 1/2-1/2

[Event "Kharkov Femida"]
[Site "Kharkov"]
[Date "2011.11.20"]
[Round "1"]
[White "Onischuk, Vladimir"]
[Black "Musakaev, Emil"]
[Result "0-1"]
[WhiteElo "2518"]
[BlackElo "2363"]
[PlyCount "138"]
[EventDate "2011.11.20"]
[EventType "tourn"]
[EventRounds "9"]
[EventCountry "UKR"]
[EventCategory "9"]
[SourceTitle "CBM 145 Extra"]
[Source "ChessBase"]
[SourceDate "2012.01.03"]
[SourceVersion "1"]
[SourceVersionDate "2012.01.03"]
[SourceQuality "1"]

1. Nf3 d5 2. g3 c6 3. Bg2 Bg4 4. d3 Nd7 5. Nbd2 e5 6. h3 Bh5 7. e4 Ngf6 8. Qe2 dxe4 9. dxe4 Bc5 10. 0-0 0-0 11. Re1 Re8 12. Nf1 Nf8 13. c3 a5 14. Bg5 Ne6 15. Rad1 Qe7 16. Bc1 Qc7 17. Qc2 Nd7 18. Ne3 f6 19. Nf5 Rad8 20. a3 Bf8 21. Be3 b5 22. a4 Nb6 23. axb5 cxb5 24. Bxb6 Qxb6 25. Ne3 b4 26. Nd5 Qc6 27. Ra1 bxc3 28. bxc3 Ra8 29. Nh4 a4 30. Nf5 Nc5 31. Bf1 Nb3 32. Rab1 Rab8 33. Nfe3 Bf7 34. Bc4 Nc5 35. Qa2 Nxe4 36. Rxb8 Rxb8 37. Nf5 Qd7 38. Nde7+ Bxe7 39. Bxf7+ Kf8 40. Be6 Qd2 41. Rxe4 Rb2 42. Qxb2 Qxb2 43. Rxa4 Qb6 44. Ra8+ Bd8 45. Ba2 g6 46. Ne3 Kg7 47. g4 h5 48. gxh5 f5 49. hxg6 Kxg6 50. Bc4 Qb1+ 51. Kh2 Bc7 52. Rg8+ Kh7 53. Rg1 Qb2 54. Bg8+ Kh8 55. Nd5 Qxf2+ 56. Rg2 e4+ 57. Nxc7 Qf4+ 58. Kh1 Qxc7 59. c4 f4 60. Bd5 Qe5 61. Re2 e3 62. Bf3 Qa1+ 63. Kg2 Qc3 64. Bd5 Qg7+ 65. Kf1 Qg3 66. Rg2 Qxh3 67. Ke2 Qh5+ 68. Bf3 Qf5 69. Rg4 Qc2+ 0-1

[Event "Khanty-Mansiysk Governor Cup 7th"]
[Site "Khanty-Mansiysk"]
[Date "2011.09.07"]
[Round "8"]
[White "Smirnov, Pavel"]
[Black "Musakaev, Emil"]
[Result "1-0"]
[WhiteElo "2558"]
[BlackElo "2325"]
[PlyCount "135"]
[EventDate "2011.08.31"]
[EventType "swiss"]
[EventRounds "9"]
[EventCountry "RUS"]
[SourceTitle "CBM 144 Extra"]
[Source "ChessBase"]
[SourceDate "2011.10.28"]
[SourceVersion "1"]
[SourceVersionDate "2011.10.28"]
[SourceQuality "1"]

1. d4 d5 2. c4 c6 3. Nc3 Nf6 4. e3 a6 5. Nf3 b5 6. b3 Bg4 7. Be2 e6 8. 0-0 Nbd7 9. Bb2 Bd6 10. h3 Bh5 11. Ne5 Bxe2 12. Nxe2 dxc4 13. bxc4 c5 14. Nxd7 Qxd7 15. d5 Be7 16. Nf4 exd5 17. Qf3 0-0 18. Rad1 Rad8 19. cxd5 Qf5 20. Rfe1 g5 21. g4 Qe4 22. Qxe4 Nxe4 23. Nh5 c4 24. Bg7 c3 25. Bxf8 Kxf8 26. Re2 b4 27. Rd4 Nd2 28. Rexd2 cxd2 29. Ng3 Bf6 30. Rxd2 Be5 31. Ne4 a5 32. d6 a4 33. Rd5 Bxd6 34. Nxd6 b3 35. axb3 axb3 36. Rxg5 Rxd6 37. Rb5 Rd3 38. Kg2 Kg7 39. Kf3 Rc3 40. h4 h6 41. Kf4 Rc2 42. f3 b2 43. e4 Rf2 44. e5 Kg8 45. Rb7 Kf8 46. Ke4 Kg8 47. f4 h5 48. g5 Rh2 49. Kf5 Rf2 50. g6 fxg6+ 51. Kxg6 Rxf4 52. Rb8+ Rf8 53. Rxb2 Ra8 54. e6 Re8 55. Re2 Kf8 56. Kf6 Re7 57. Re4 Rf7+ 58. Ke5 Ra7 59. Rf4+ Ke8 60. Kf6 Ra1 61. Rf5 Rh1 62. Rxh5 Rf1+ 63. Rf5 Rh1 64. h5 Rh2 65. Rg5 Rf2+ 66. Kg7 Ke7 67. h6 Kxe6 68. h7 1-0